000 00720nam a2200289Ia 4500
005 20260324130402.0
008 008 260324s9999 xx 000 0 eng d
020 _a9780429473838
037 _aEBOOK
040 _aCRL
040 _beng
040 _cCRL
041 _2eng
041 _aeng
084 _qCRL
100 _aGertrud Mander
_91181561
245 0 _aDiversity, Discipline and Devotion in Psychoanalytic Psychotherapy
245 0 _bClinical and Training Perspectives
260 _bTaylor and Francis
260 _c2007
365 _a
365 _b180
856 _uhttp://www.taylorfrancis.com/books/9780429473838
942 _cEBOOK
999 _c1777712
_d1777712